000 00315nam a22001337a 4500
999 _c15375
_d15375
020 _a9788126408146
082 _a920.894 812 ANI/JE
100 _aAniyan, K. S
_93058
245 _aJeevithamenna Atbhutham
260 _aKottayam
_bD.C Books
_c2017
300 _a243
650 _aMalayalam Memoir
_93057
942 _cBK